000 01762cam a2200349 a 4500
001 15661987
003 OSt
005 20130201161251.0
008 090316s2009 nyuab b 000 0 eng
010 _a 2009011291
020 _a9781933045955 :
_c$34.95
020 _a1933045957
035 _a(OCoLC)ocn316514575
040 _aDLC
_cDLC
_dBTCTA
_dYDXCP
_dC#P
_dBWX
_dABG
_dCDX
_dVP@
_dB@L
_dDEBBG
_dDLC
050 0 0 _aTS171.4
_b.P55 2009
082 0 0 _a745.2
_222
100 1 _aPilloton, Emily.
_920442
245 1 0 _aDesign revolution :
_b100 products that empower people /
_cEmily Pilloton ; foreword by Allan Chochinov.
246 3 0 _a100 products that empower people
246 3 _aOne hundred products that empower people
260 _aNew York, NY :
_bMetropolis Books :
_bD.A.P./Distributed Art Publishers,
_cc2009.
300 _a303 p. :
_bcol. ill., col. map ;
_c21 cm.
504 _aIncludes bibliographical references.
505 0 _aA good long tradition : foreword / Allan Chochinov -- Design can change the world : introduction / Emily Pilloton -- Water -- Well-being -- Energy -- Education -- Mobility -- Food -- Play -- Enterprise.
520 _aMakes the case for design as a tool to solve some of the world's biggest social problems. The book features more than 100 innovative, sustainable, need-based product designs that empower individuals, communities, and economies.
650 0 _aIndustrial design.
_920443
655 7 _aBildband.
_2swd
_920444
856 _uhttp://www.gbv.de/dms/weimar/toc/594670349_toc.pdf
_yInhaltsverzeichnis
_zlizenzfrei
906 _a7
_bcbc
_corignew
_d1
_eecip
_f20
_gy-gencatlg
942 _2lcc
_cBK
999 _c55828
_d55802